Race to danger ; (Record no. 29871)

MARC details
000 -LEADER
fixed length control field 01617cam a22004097i 4500
001 - CONTROL NUMBER
control field 1303635760
003 - CONTROL NUMBER IDENTIFIER
control field SIRSI
005 - DATE AND TIME OF LATEST TRANSACTION
control field 20240613115947.0
008 - FIXED-LENGTH DATA ELEMENTS--GENERAL INFORMATION
fixed length control field 220315t20212021nyua j 000 1 eng d
020 ## - INTERNATIONAL STANDARD BOOK NUMBER
International Standard Book Number 9781338768060
Qualifying information (paperback)
020 ## - INTERNATIONAL STANDARD BOOK NUMBER
International Standard Book Number 1338768069
Qualifying information (paperback)
040 ## - CATALOGING SOURCE
Original cataloging agency UUC
Language of cataloging eng
Transcribing agency UUC
Modifying agency OCLCO
-- OCLCF
-- XY4
-- OCLCO
-- OCLCL
092 ## - LOCALLY ASSIGNED DEWEY CALL NUMBER (OCLC)
Classification number PBJ
Item number POKEMON
100 1# - MAIN ENTRY--PERSONAL NAME
Personal name West, Tracey,
Dates associated with a name 1965-
Relator term author.
245 10 - TITLE STATEMENT
Title Race to danger ;
Remainder of title Talent showdown /
Statement of responsibility, etc. adapted by Tracey West.
246 30 - VARYING FORM OF TITLE
Title proper/short title Talent showdown.
260 ## - PUBLICATION, DISTRIBUTION, ETC. (IMPRINT)
Place of publication, distribution, etc. New York, NY :
Name of publisher, distributor, etc. Scholastic Inc.,
Date of publication, distribution, etc. c2021.
264 #1 - PRODUCTION, PUBLICATION, DISTRIBUTION, MANUFACTURE, AND COPYRIGHT NOTICE
Place of production, publication, distribution, manufacture New York, NY :
Name of producer, publisher, distributor, manufacturer Scholastic Inc.,
Date of production, publication, distribution, manufacture, or copyright notice [2021]
264 #4 - PRODUCTION, PUBLICATION, DISTRIBUTION, MANUFACTURE, AND COPYRIGHT NOTICE
Date of production, publication, distribution, manufacture, or copyright notice c2021.
300 ## - PHYSICAL DESCRIPTION
Extent 83, 81 pages :
Other physical details illustrations ;
Dimensions 20 cm.
336 ## - CONTENT TYPE
Content type term text
Content type code txt
Source rdacontent.
336 ## - CONTENT TYPE
Content type term still image
Content type code sti
Source rdacontent.
337 ## - MEDIA TYPE
Media type term unmediated
Media type code n
Source rdamedia.
338 ## - CARRIER TYPE
Carrier type term volume
Carrier type code nc
Source rdacarrier.
490 1# - SERIES STATEMENT
Series statement Pokemon.
500 ## - GENERAL NOTE
General note Texts bound back-to-back and inverted.
520 ## - SUMMARY, ETC.
Summary, etc. Ash and his friends help Windy win a hot air ballon race in which Team Rocket is also competing.
520 ## - SUMMARY, ETC.
Summary, etc. When Ash discovers that his old rival, Gary, is competing in the Pokemon Talent Show, Ash determines to enter and win, but Team Rocket has other plans for all the Pokemon in the show.
526 0# - STUDY PROGRAM INFORMATION NOTE
Program name Accelerated Reader AR
Interest level LG
Reading level 3.5
Title point value 1
Public note 189464.
650 #0 - SUBJECT ADDED ENTRY--TOPICAL TERM
Topical term or geographic name as entry element Upside-down books.
650 #0 - SUBJECT ADDED ENTRY--TOPICAL TERM
Topical term or geographic name as entry element Ballooning
Form subdivision Juvenile fiction.
650 #0 - SUBJECT ADDED ENTRY--TOPICAL TERM
Topical term or geographic name as entry element Pok©♭mon (Fictitious characters)
Form subdivision Juvenile fiction.
650 #0 - SUBJECT ADDED ENTRY--TOPICAL TERM
Topical term or geographic name as entry element Animals, Mythical
Form subdivision Juvenile fiction.
650 #0 - SUBJECT ADDED ENTRY--TOPICAL TERM
Topical term or geographic name as entry element Talent shows
Form subdivision Juvenile fiction.
830 #0 - SERIES ADDED ENTRY--UNIFORM TITLE
Uniform title Pokemon.
942 ## - ADDED ENTRY ELEMENTS (KOHA)
Koha item type Libro/Book
Holdings
Withdrawn status Lost status Damaged status Not for loan Home library Current library Shelving location Date acquired Inventory number Total Checkouts Full call number Barcode Date last seen Date checked out Price effective from Koha item type
        San Juan Del Sur -- Biblioteca San Juan Del Sur -- Biblioteca Children's Area 13/06/2024 Inventory date: 15-5-25 3 JFI INGLES 30028952 07/04/2026 28/03/2026 13/06/2024 Libro/Book

Powered by Koha